[Event "Mumbai One Wealth op 04"]
[Site "Mumbai"]
[Date "2024.03.11"]
[Round "1"]
[White "Iyer, Arvind"]
[Black "Lakshya, Agrawal"]
[Result "1-0"]
[WhiteElo "1897"]
[BlackElo "1418"]
[PlyCount "103"]
[EventDate "2024.03.11"]
[EventType "swiss"]
[EventRounds "7"]
[EventCountry "IND"]
[SourceTitle "EXT 2025"]
[Source "ChessBase"]
[SourceDate "2024.10.14"]
[SourceVersion "1"]
[SourceVersionDate "2024.10.14"]
[SourceQuality "1"]

1. e4 c6 2. d4 d5 3. Nc3 dxe4 4. Nxe4 Bf5 5. Ng3 Bg6 6. Nf3 Nd7 7. h4 h6 8. h5 Bh7 9. Bd3 Bxd3 10. Qxd3 Ngf6 11. Bd2 e6 12. 0-0-0 Qc7 13. Ne4 0-0-0 14. g3 Nxe4 15. Qxe4 Nf6 16. Qd3 Bd6 17. Kb1 Rhe8 18. c4 e5 19. c5 e4 20. Qa3 exf3 21. cxd6 Qd7 22. Qxa7 Qf5+ 23. Ka1 Qb5 24. Qc5 Ne4 25. Qxb5 cxb5 26. Rc1+ Kd7 27. Rc7+ Kxd6 28. Bf4+ Kd5 29. Be3 Nxg3 30. Rc5+ Ke4 31. Rh4+ Kd3 32. Rc3+ Ke2 33. Rc2+ Kd1 34. Kb1 Rc8 35. Rxc8 Rxc8 36. fxg3 f2 37. Rf4 f1Q 38. Rxf1+ Ke2 39. Rc1 Rxc1+ 40. Bxc1 Kd3 41. d5 Ke4 42. d6 Kf3 43. d7 Kxg3 44. d8Q Kh3 45. Qd4 b4 46. Bd2 b3 47. Be1 bxa2+ 48. Kxa2 b5 49. Qxg7 Kh2 50. Qg3+ Kh1 51. Bf2 b4 52. Qh3# 1-0

[Event "Mumbai One Wealth op"]
[Site "Mumbai"]
[Date "2024.02.08"]
[Round "4"]
[White "Dodhiya, Punit"]
[Black "Lakshya, Agrawal"]
[Result "1-0"]
[WhiteElo "1369"]
[BlackElo "1013"]
[PlyCount "111"]
[EventDate "2024.02.05"]
[EventType "swiss"]
[EventRounds "7"]
[EventCountry "IND"]
[SourceTitle "CBM 218 Extra"]
[Source "ChessBase"]
[SourceDate "2024.03.31"]
[SourceVersion "1"]
[SourceVersionDate "2024.03.31"]
[SourceQuality "1"]

1. e4 c6 2. d4 d5 3. exd5 cxd5 4. Bd3 Nc6 5. c3 Nf6 6. Bf4 a6 7. Nd2 Bg4 8. Ngf3 e6 9. 0-0 Bd6 10. Bxd6 Qxd6 11. Qb3 b5 12. Rae1 0-0 13. Ne5 Nd7 14. Nxg4 b4 15. f4 Rab8 16. Qc2 f5 17. Ne5 Ndxe5 18. fxe5 Qe7 19. Re3 Rfc8 20. Nb3 bxc3 21. bxc3 Nb4 22. Qb1 Rxc3 23. Rc1 Nxa2 24. Rxc3 Nxc3 25. Qc2 Qb4 26. Bxf5 Ne2+ 27. Qxe2 exf5 28. Qxa6 f4 29. Rf3 Qe1+ 30. Qf1 Qe4 31. h4 h6 32. h5 Qc2 33. Qc1 Qe4 34. Rxf4 Qd3 35. Rf3 Qe4 36. Qe3 Qg4 37. Rh3 Rf8 38. Nd2 Qd1+ 39. Kh2 Qg4 40. e6 Re8 41. e7 Rxe7 42. Qxe7 Qf4+ 43. Rg3 g5 44. Qe6+ Kh7 45. Qg6+ Kh8 46. Qxh6+ Kg8 47. Qxg5+ Qxg5 48. Rxg5+ Kh7 49. Rg6 Kh8 50. Kg3 Kh7 51. Kf4 Kh8 52. Kf5 Kh7 53. Kf6 Kh8 54. Kf7 Kh7 55. g4 Kh8 56. Rh6# 1-0